Escape From Tarkov Weapons - Statistics

General Stats
  • This quiz has been taken 274 times
  • The average score is 19 of 100
Answer Stats
Hint Answer % Correct
M4A1
72%
AK-74
67%
Light Machine Guns RPK-16
61%
AKM
59%
Submachine Guns MP5
53%
F-1
48%
AK-101
47%
AK-103
47%
Red Rebel Ice Pick
46%
AK-102
45%
MP-133
43%
Mosin
42%
AKS-74
41%
AK-104
40%
AK-105
40%
ER Fulcrum Bayonet
40%
MP-153
39%
AK-74N
36%
AKMS
36%
AKMN
32%
AK-74M
31%
HK 416A5
28%
M700
27%
M67
26%
Assault Rifles ADAR 2-15
25%
Designated Marksman Rifles M1A
25%
SR-25
24%
VOG-25
24%
Glock 17
23%
MP9
23%
PM
23%
SVDS
23%
VOG-17
23%
PP-91 Kedr
21%
SKS
21%
RGD-5
20%
RSASS
20%
TOZ-106
20%
P90
19%
SV-98
19%
MPX
18%
Saiga-9
18%
AKMSN
17%
Assault Carbines AS VAL
17%
MP7A1
17%
DT MDR
16%
PP-9 Klin
16%
Saiga-12
16%
Antique Axe
15%
FN GL40
15%
M870
15%
MP7A2
15%
PPSH-41
15%
Sniper Rifles DVL-10
14%
Grenades Zarya
13%
OP-SKS
12%
T-5000
12%
TT
12%
M-2 Tactical Sword
11%
AKS-74UN
10%
SA-58
10%
AKS-74N
9%
Glock 18C
9%
M9A3
9%
Mosin Infantry
9%
Vepr Hunter/VPO-101
9%
AKS-74UB
8%
ASh-12
8%
SP-8 Survival Machete
8%
VSS Vintorez
7%
FN 5-7
6%
TX-15 DML
6%
Vepr AKM/VPO-209
6%
Vepr KM/VPO-136
6%
APS
5%
Bars A-2607
5%
Crash Axe
5%
Kiba Arms Tactical Tomahawk
5%
VPO-215
5%
PB
4%
SR-1MP Gyurza
4%
Camper Axe
3%
Freeman Crowbar
3%
M1911A1
3%
MP-443 Grach
3%
MP9-N
3%
Shotguns 590A1
2%
Pistols APB
2%
MP5K-N
2%
PM (t)
2%
Melee 6h5 Bayonet
1%
Grenade Launchers AGS-30
1%
MPL-50 Entrenching tool
1%
Heavy Machine Guns NSV Utes
1%
P226R
1%
PP-19-01 Vityaz-SN
1%
RDG-2B
1%
TT (gold)
1%
KS-74U
0%
PP-19-01 Kedr-B
0%
No matching quizzes found
Score Distribution
Percent of People with Each Score
Percentile by Number Answered
Your Score History
You have not taken this quiz